| 000 | 01039cam a2200349Ma 4500 | ||
|---|---|---|---|
| 001 | 75330 | ||
| 005 | 20230410123552.0 | ||
| 008 | 020115s2002 fr b 001 0 fre d | ||
| 035 | _a(OCoLC)ocm49989916 | ||
| 040 |
_aEQO _cEQO _dOCLCQ _dMUQ _dOCLCQ |
||
| 020 | _a2711133648 | ||
| 020 | _a9782711133642 | ||
| 035 | _a(OCoLC)49989916 | ||
| 043 | _afre | ||
| 050 | 1 | 4 |
_aKJV 1668 _bA635d 2002 |
| 100 | 1 | _aAntonmattei, Paul-Henri. | |
| 245 | 1 | 0 |
_aDroit civil : _bcontrats spéciaux / _cPaul-Henri Antomattei, Jacques Raynard. |
| 250 | _a3a ed. | ||
| 260 |
_aParis : _bLitec, _c2002. |
||
| 300 |
_axvi, 540 p. ; _c24 cm. |
||
| 490 | 1 | _aManuels Juris Classeur | |
| 500 | _aPrevious ed.: 2000. | ||
| 504 | _aIncludes bibliographical references and index. | ||
| 650 | 0 |
_aContracts _zFrance _xInterpretation and construction. |
|
| 650 | 0 |
_aContrats _zFrance. |
|
| 650 | 0 |
_aCivil law _zFrance. |
|
| 700 | 1 | _aRaynard, Jacques. | |
| 830 | 0 | _aManuels Juris Classeur(Litec) | |
| 942 |
_2lcc _cbk |
||
| 994 |
_aC0 _bDRFGD |
||
| 946 | _aYSL | ||
| 999 |
_c64068 _d64068 |
||